00544ntaaa2200181 45000030003000000050017000030080021000200400037000410820017000781000025000952450048001202500010001682600067001783000010002455000066002556500013003216500028003340120251027202303.00714s1973 ag 01  aAR-BaBNbspacAR-BaBNeaacrdRIC a274.0000 B26 aBarnes, Lemuel Call  aTwo thousand years of missions before Carey a1 ed. aPhiladelphia : bAmerican Baptist Publication Society, cc1900 a504 p aBased upon and embodying many of the earliest extant accounts amisiones ahistoria eclesiástica